(G)I-DLE Alphabet song - Statistics

General Stats
  • This quiz has been taken 72 times
    35 since last reset
  • The average score is 16 of 22
Answer Stats
Hint Answer % Correct
A Already / Allergy / All night
94%
L Liar / Latata / Light my fire / Luv u / Lion / Lost / Last dance / Love / Lucid / Last forever / Love tease
91%
N Never stop me / Nxde / Neverland
88%
T Tomboy / Tung tung / Tall trees
88%
D Doll / Dumdi dumdi / Dahlia / Dark
85%
I I’m the trend / I do / I want that / If you want
82%
Q Queencard
82%
S Super lady / Senorita / Sculpture
82%
H Hann / Hwaa
79%
M My bag / Maze / Maybe / Moon
79%
R Revenge / Rollie / Reset
79%
O Oh my god
70%
C Change / Chain
67%
K Klaxon
67%
P Polaroid / Paradise / Peter pan
67%
E Escape / Eyes roll
64%
G Good thing / Girlfriend
64%
U Uh Oh / Unstoppable
64%
V Villain dies / Vision
64%
W Wife / Where is love
64%
B Bloom
58%
F Fate / For you / Flip it
48%
No matching quizzes found
Score Distribution
Percent of People with Each Score
Percentile by Number Answered
Your Score History
You have not taken this quiz since the last reset